Derby's in Nederland - Statistieken

Algemene statistieken
  • Deze quiz is 43 keer genomen
  • De gemiddelde score is 10 van 17
Antwoordstatistieken
(Bij)naam Voetbalclubs % Correct
Rotterdamse derby(Kralingen en Zuid) Excelsior Rotterdam-Feyenoord Rotterdam
89%
Friese derby SC Heerenveen-SC Cambuur Leeuwarden
89%
Rotterdamse derby(Spangen en Zuid) Sparta Rotterdam-Feyenoord Rotterdam
86%
(Grote) Gelderse derby NEC Nijmegen-Vitesse Arnhem
80%
Twentse derby FC Twente Enschede-Heracles Almelo
77%
Lichtstad derby FC Eindhoven-PSV Eindhoven
74%
Derby van het Noorden SC Heerenveen-FC Groningen
74%
Brabantse derby NAC Breda-Willem II Tilburg
71%
Zuid-Limburgse derby Roda JC Kerkrade-MVV Maastricht
63%
Katwijkse derby K.v.v. Quick Boys-VV Katwijk
54%
Derby van Spakenburg IJsselmeervogels-SV Spakenburg
49%
Noordoost-Brabantse derby FC Den Bosch-TOP Oss
43%
Mijnstreek derby Roda JC Kerkrade-Fortuna Sittard
31%
Groesbeekse derby Achilles '29-De Treffers
29%
Vissers-derby Telstar-FC Volendam
26%
Hondsrug-derby FC Emmen-FC Groningen
23%
Markermeer-derby Almere City FC-FC Volendam
20%
Geen overeenkomende quizzen gevonden
Scoreverdeling
Procent van Mensen met Elke Score
Percentiel versus Aantal Correcte Antwoorden
Uw Scoregeschiedenis
U heeft deze quiz nog niet genomen